Sports Quiz

Random Sports or NFL Quiz

Back-To-Back Super Bowl Winners Quiz Stats

 Plays Quiz Updated Dec 6, 2017

Challenge
Share
Tweet
Embed
Score 0/7 Timer 01:00
14 Plays Today
% Correct
New England Patriots
96.8%
Pittsburgh Steelers
89.8%
Green Bay Packers
89.7%
Dallas Cowboys
88.7%
San Francisco 49ers
80.8%
Denver Broncos
69.7%
Miami Dolphins
62.3%

You're not logged in!

Compare scores with friends on all Sporcle quizzes.
OR
Log In

You Might Also Like...

Show Comments

Extras

Top Quizzes Today


Score Distribution

Your Account Isn't Verified!

In order to create a playlist on Sporcle, you need to verify the email address you used during registration. Go to your Sporcle Settings to finish the process.

Report this User

Report this user for behavior that violates our Community Guidelines.

Details: